000 00667nam a2200241 i 4500
001 000016755
003 DO-SdBNP
005 20240111144905.0
006 a||||fr|||| 00| 0
007 ta
008 100310e1975 dr a 000 0 spa d
040 _aDO-SdBNP
_bspa
_cBNPHU
_erda
082 4 _bG643c
_222
245 1 0 _aCorrespondencia comercial /
264 _aSanto Domingo :
_bTalleres Gráficos,
_c1975.
300 _a187 páginas :
_bilustraciones ;
_c22 cm.
336 _2rdacontent
_atexto
_btxt
337 _2rdamedia
_asin mediación
_bn
338 _2rdacarrier
_avolumen
_bnc
590 _aInventariado, 2023/BT
910 _aBtavárez
942 _2ddc
_cLBS1
999 _c16287
_d16287